Colisiones estelares (Registro nro. 278564)

Detalles MARC
001 - NÚMERO DE CONTROL
campo de control 799007
005 - FECHA Y HORA DE LA ÚLTIMA TRANSACCIÓN
campo de control 20240201185235.0
008 - DATOS DE LONGITUD FIJA--INFORMACIÓN GENERAL
campo de control de longitud fija 030306e20030131 spa
035 ## - NÚMERO DE CONTROL DEL SISTEMA
Número de control de sistema 799007
035 ## - NÚMERO DE CONTROL DEL SISTEMA
Número de control de sistema (OCoLC)820010907
040 ## - FUENTE DE LA CATALOGACIÓN
Centro/agencia transcriptor comduadb
041 ## - CÓDIGO DE LENGUA
Código de lengua del texto/banda sonora o título independiente spa
100 10 - ENTRADA PRINCIPAL--NOMBRE DE PERSONA
Nombre de persona Shara, Michael
Código de función aut
Término indicativo de función/relación Autor/a
9 (RLIN) 370993
245 10 - MENCIÓN DE TÍTULO
Título Colisiones estelares
650 ## - PUNTO DE ACCESO ADICIONAL DE MATERIA--TÉRMINO DE MATERIA
Término de materia o nombre geográfico como elemento de entrada Estrellas enanas
9 (RLIN) 72729
650 #7 - PUNTO DE ACCESO ADICIONAL DE MATERIA--TÉRMINO DE MATERIA
Término de materia o nombre geográfico como elemento de entrada Astrofísica
Fuente del encabezamiento o término lemb
9 (RLIN) 34825
650 ## - PUNTO DE ACCESO ADICIONAL DE MATERIA--TÉRMINO DE MATERIA
Término de materia o nombre geográfico como elemento de entrada Via láctea
9 (RLIN) 46706
650 ## - PUNTO DE ACCESO ADICIONAL DE MATERIA--TÉRMINO DE MATERIA
Término de materia o nombre geográfico como elemento de entrada Colisiones (Astrofisica)
9 (RLIN) 110973
650 ## - PUNTO DE ACCESO ADICIONAL DE MATERIA--TÉRMINO DE MATERIA
Término de materia o nombre geográfico como elemento de entrada Cúmulos de estrellas
9 (RLIN) 70299
773 0# - ENLACE AL DOCUMENTO FUENTE/ENTRADA DE REGISTRO ANFITRIÓN
Título Investigación y Ciencia. Edición Española de Scientific American (Barcelona)
Parte(s) relacionada(s) Número 316, Enero 2003, p. 14-21
Número de control del registro 5406
Número Internacional Estándar del Libro 0210136X
Número bibliográfico anfitrión 3445
942 ## - ELEMENTOS DE ENTRADA AGREGADA (KOHA)
Tipo de ítem Koha Artículo de Revista

No hay ítems disponibles.